<?xml version="1.0" encoding="UTF-8"?>
<record
    xmlns:xsi="http://www.w3.org/2001/XMLSchema-instance"
    xsi:schemaLocation="http://www.loc.gov/MARC21/slim http://www.loc.gov/standards/marcxml/schema/MARC21slim.xsd"
    xmlns="http://www.loc.gov/MARC21/slim">

  <leader>01478nam a2200301 a 4500</leader>
  <controlfield tag="001"> </controlfield>
  <controlfield tag="003">DO-SdBNP</controlfield>
  <controlfield tag="005">20240524101851.0</controlfield>
  <controlfield tag="007">000008388</controlfield>
  <controlfield tag="008">090916s2005  dr   000 j spa d</controlfield>
  <datafield tag="020" ind1=" " ind2=" ">
    <subfield code="a">9993442402</subfield>
  </datafield>
  <datafield tag="040" ind1=" " ind2=" ">
    <subfield code="a">BPMSU</subfield>
    <subfield code="b">spa</subfield>
    <subfield code="c">BPMSU</subfield>
  </datafield>
  <datafield tag="082" ind1="0" ind2="4">
    <subfield code="a">RD863.44</subfield>
    <subfield code="b">C965c 2005</subfield>
    <subfield code="2">22</subfield>
  </datafield>
  <datafield tag="245" ind1="0" ind2="3">
    <subfield code="a">El cuento contempor&#xE1;neo de Santiago (1980-2005) /</subfield>
    <subfield code="c">selecci&#xF3;n y pr&#xF3;logo M&#xE1;ximo Vega ; coordinador de publicaciones Dulis Gonz&#xE1;lez ; editor Jos&#xE9; M. Fern&#xE1;ndez Peque&#xF1;o.</subfield>
  </datafield>
  <datafield tag="260" ind1=" " ind2=" ">
    <subfield code="a">Santo Domingo :</subfield>
    <subfield code="b">Direcci&#xF3;n General de la Feria del Libro,</subfield>
    <subfield code="c">2005.</subfield>
  </datafield>
  <datafield tag="300" ind1=" " ind2=" ">
    <subfield code="a">91 p. ;</subfield>
    <subfield code="c">23 cm.</subfield>
  </datafield>
  <datafield tag="490" ind1="1" ind2=" ">
    <subfield code="a">Ediciones Ferilibro ;</subfield>
    <subfield code="v">75</subfield>
  </datafield>
  <datafield tag="505" ind1="0" ind2=" ">
    <subfield code="8"> </subfield>
    <subfield code="a"> Presentaci&#xF3;n/ Alejandro Arvelo --	Pr&#xF3;logo/ M&#xE1;ximo Vega -- Manuel Llibre Otero/ Inexistencia -- 	Luis R. Santos/ Tiene que matar al perro -- Rosa Silverio/ Mi amante --  	Pedro Pablo Marte/ Chanzas -- Rafael P. Rodr&#xED;guez/ Remigio C&#xE1;rdenas -- Rosa Julia Vargas/ Final Final -- Luis C&#xF3;rdova/ No le temas a la noche -- Jos&#xE9; D' Laura/ Weeks -- Altagracia P&#xE9;rez/ La pasi&#xF3;n de Mall&#xED;as Gonz&#xE1;lez -- Jos&#xE9; Acosta/ El efecto domin&#xF3;.</subfield>
  </datafield>
  <datafield tag="650" ind1=" " ind2="4">
    <subfield code="a">Cuentos dominicanos </subfield>
    <subfield code="v">Colecciones </subfield>
  </datafield>
  <datafield tag="650" ind1=" " ind2="4">
    <subfield code="a">Literatura dominicana </subfield>
  </datafield>
  <datafield tag="700" ind1="1" ind2=" ">
    <subfield code="a">Vega, M&#xE1;ximo,</subfield>
    <subfield code="e">pr&#xF3;l.</subfield>
  </datafield>
  <datafield tag="700" ind1="1" ind2="2">
    <subfield code="a">Fern&#xE1;ndez Peque&#xF1;o, Jos&#xE9; M.,</subfield>
    <subfield code="e">ed.</subfield>
  </datafield>
  <datafield tag="830" ind1=" " ind2="0">
    <subfield code="a">Ediciones Ferilibro ;</subfield>
    <subfield code="n">75</subfield>
  </datafield>
  <datafield tag="910" ind1=" " ind2=" ">
    <subfield code="a">VMateo V./Validado. Control de calidad MFF</subfield>
  </datafield>
  <datafield tag="942" ind1=" " ind2=" ">
    <subfield code="2">ddc</subfield>
    <subfield code="c">BK</subfield>
  </datafield>
  <datafield tag="945" ind1=" " ind2=" ">
    <subfield code="a">Inventariado / 2017 VM</subfield>
  </datafield>
  <datafield tag="952" ind1=" " ind2=" ">
    <subfield code="0">0</subfield>
    <subfield code="1">0</subfield>
    <subfield code="2">ddc</subfield>
    <subfield code="4">0</subfield>
    <subfield code="7">0</subfield>
    <subfield code="8">CD</subfield>
    <subfield code="a">BPMET</subfield>
    <subfield code="b">BPMET</subfield>
    <subfield code="d">2015-04-09</subfield>
    <subfield code="e">BNPHU</subfield>
    <subfield code="o">BPMSU CD RD863.44 C965c 2005</subfield>
    <subfield code="p">BPMSU15040350</subfield>
    <subfield code="r">2015-04-09</subfield>
    <subfield code="t"> e.2</subfield>
    <subfield code="w">2015-04-09</subfield>
    <subfield code="y">BK</subfield>
  </datafield>
  <datafield tag="952" ind1=" " ind2=" ">
    <subfield code="0">0</subfield>
    <subfield code="1">0</subfield>
    <subfield code="2">ddc</subfield>
    <subfield code="4">0</subfield>
    <subfield code="7">0</subfield>
    <subfield code="8">CD</subfield>
    <subfield code="a">BPMET</subfield>
    <subfield code="b">BPMET</subfield>
    <subfield code="d">2017-11-10</subfield>
    <subfield code="o">BPMSU CD RD863.44 C965c 2005</subfield>
    <subfield code="p">BPMSU17110143</subfield>
    <subfield code="r">2017-11-10</subfield>
    <subfield code="w">2017-11-10</subfield>
    <subfield code="y">REF</subfield>
  </datafield>
  <datafield tag="952" ind1=" " ind2=" ">
    <subfield code="0">0</subfield>
    <subfield code="1">0</subfield>
    <subfield code="2">ddc</subfield>
    <subfield code="4">0</subfield>
    <subfield code="7">0</subfield>
    <subfield code="8">CD</subfield>
    <subfield code="a">BPMET</subfield>
    <subfield code="b">BPMET</subfield>
    <subfield code="d">2017-11-10</subfield>
    <subfield code="l">0</subfield>
    <subfield code="o">BPMSU CD RD863.44 C965c 2005</subfield>
    <subfield code="p">BPMSU24050014</subfield>
    <subfield code="r">2024-05-24</subfield>
    <subfield code="t">e.3</subfield>
    <subfield code="w">2017-11-10</subfield>
    <subfield code="y">REF</subfield>
  </datafield>
  <datafield tag="956" ind1=" " ind2=" ">
    <subfield code="a">VMATEO</subfield>
    <subfield code="b">10</subfield>
    <subfield code="c">20150409</subfield>
    <subfield code="l">BPMSU</subfield>
    <subfield code="h">00151</subfield>
  </datafield>
  <datafield tag="999" ind1=" " ind2=" ">
    <subfield code="c">7595</subfield>
    <subfield code="d">7595</subfield>
  </datafield>
</record>
